[Event "Ricany op-A"]
[Site "Ricany"]
[Date "2014.08.26"]
[Round "5"]
[White "Koper, Stefan"]
[Black "Prochazka, Petr"]
[Result "1/2-1/2"]
[WhiteElo "1954"]
[BlackElo "1841"]
[PlyCount "71"]
[EventDate "2014.08.23"]
[EventType "swiss"]
[EventRounds "9"]
[EventCountry "CZE"]
[SourceTitle "EXT 2015"]
[Source "ChessBase"]
[SourceDate "2014.11.20"]
[SourceVersion "1"]
[SourceVersionDate "2014.11.20"]
[SourceQuality "1"]

1. d4 d5 2. c4 Nc6 3. Nf3 Bg4 4. e3 e5 5. cxd5 Qxd5 6. Nc3 Bb4 7. Be2 exd4 8. 0-0 Bxc3 9. bxc3 d3 10. Qxd3 Qxd3 11. Bxd3 Bxf3 12. gxf3 0-0-0 13. Be2 Nf6 14. e4 Rhe8 15. Be3 Nd7 16. a4 Re5 17. Bd3 Ra5 18. Bb5 Nce5 19. f4 Ng6 20. f3 f6 21. Kf2 a6 22. Bc4 Nc5 23. Kg3 Nf8 24. Bf7 Rd3 25. Bxc5 Rxc5 26. c4 Rd7 27. Bg8 g6 28. Rfd1 Rg7 29. Rd5 Rxd5 30. Bxd5 c6 31. e5 cxd5 32. cxd5 Rd7 33. e6 Re7 34. f5 Kc7 35. Kf4 Kd6 36. h4 1/2-1/2

[Event "Ricany op"]
[Site "Ricany"]
[Date "2012.08.29"]
[Round "5"]
[White "Prochazka, Petr"]
[Black "Havelka, Petr"]
[Result "1-0"]
[WhiteElo "1965"]
[BlackElo "1889"]
[PlyCount "83"]
[EventDate "2012.08.26"]
[EventType "swiss"]
[EventRounds "9"]
[EventCountry "CZE"]
[SourceTitle "CBM 150 Extra"]
[Source "ChessBase"]
[SourceDate "2012.10.19"]
[SourceVersion "1"]
[SourceVersionDate "2012.10.19"]
[SourceQuality "1"]

1. e4 d5 2. exd5 Qxd5 3. Nf3 Nf6 4. d4 c6 5. Be2 Bg4 6. 0-0 e6 7. Bf4 Be7 8. Nbd2 0-0 9. Re1 Nbd7 10. Nf1 Qa5 11. Ng3 Nh5 12. Nxh5 Bxh5 13. Ne5 Bxe2 14. Qxe2 Nf6 15. c3 c5 16. dxc5 Qxc5 17. Rad1 Rad8 18. Bg5 h6 19. Bxf6 Rxd1 20. Rxd1 Bxf6 21. Nd7 Qa5 22. Nxf8 Kxf8 23. a3 Ke7 24. Qc4 Be5 25. Qb4+ Qxb4 26. axb4 a6 27. Kf1 h5 28. h3 g6 29. Ke2 Ke8 30. Rd3 Ke7 31. Kd2 Bf6 32. Kc2 Be5 33. Kb3 h4 34. b5 axb5 35. Kb4 g5 36. Kxb5 Bc7 37. c4 f5 38. c5 e5 39. c6 bxc6+ 40. Kxc6 Bb8 41. f3 Ke6 42. Rd8 1-0

[Event "Ricany op"]
[Site "Ricany"]
[Date "2012.08.27"]
[Round "3"]
[White "Prochazka, Petr"]
[Black "Haba, Zdenek"]
[Result "0-1"]
[WhiteElo "1965"]
[BlackElo "2236"]
[PlyCount "54"]
[EventDate "2012.08.26"]
[EventType "swiss"]
[EventRounds "9"]
[EventCountry "CZE"]
[SourceTitle "CBM 150 Extra"]
[Source "ChessBase"]
[SourceDate "2012.10.19"]
[SourceVersion "1"]
[SourceVersionDate "2012.10.19"]
[SourceQuality "1"]

1. e4 c5 2. Nf3 d6 3. d4 cxd4 4. Nxd4 Nf6 5. Nc3 a6 6. Bg5 e6 7. f4 Nbd7 8. Qf3 Qc7 9. 0-0-0 b5 10. Bxf6 Nxf6 11. e5 Bb7 12. Qe3 dxe5 13. Ncxb5 Qb6 14. fxe5 Nd5 15. Qg3 g6 16. Nd6+ Bxd6 17. exd6 0-0-0 18. c4 Nb4 19. a3 Rxd6 20. Qe5 Rhd8 21. c5 Qc7 22. axb4 Rxd4 23. Qxc7+ Kxc7 24. Rxd4 Rxd4 25. Rg1 Rxb4 26. g3 Kc6 27. Bg2+ Kxc5 0-1

[Event "Ricany op"]
[Site "Ricany"]
[Date "2012.08.26"]
[Round "1"]
[White "Vojta, Tomas"]
[Black "Prochazka, Petr"]
[Result "1-0"]
[WhiteElo "2345"]
[BlackElo "1965"]
[PlyCount "51"]
[EventDate "2012.08.26"]
[EventType "swiss"]
[EventRounds "9"]
[EventCountry "CZE"]
[SourceTitle "CBM 150 Extra"]
[Source "ChessBase"]
[SourceDate "2012.10.19"]
[SourceVersion "1"]
[SourceVersionDate "2012.10.19"]
[SourceQuality "1"]

1. Nc3 e5 2. e4 Nc6 3. f4 exf4 4. Nf3 Nge7 5. d4 d5 6. Bxf4 dxe4 7. Nxe4 Nd5 8. Bg3 Bf5 9. Bd3 Bb4+ 10. Kf2 0-0 11. c3 Re8 12. Re1 Bf8 13. Qd2 Bg6 14. Kg1 Qd7 15. Rad1 Rad8 16. Bh4 f6 17. a3 Kh8 18. c4 Nb6 19. Nxf6 Rxe1+ 20. Rxe1 Qf7 21. Nd5 Rd7 22. Ng5 Qg8 23. Bxg6 hxg6 24. Qf4 Bd6 25. Qg4 Rd8 26. Bg3 1-0

[Event "Ricany op-A"]
[Site "Ricany"]
[Date "2011.08.22"]
[Round "4"]
[White "Prochazka, Petr"]
[Black "Kulhanek, Tomas"]
[Result "0-1"]
[WhiteElo "2008"]
[BlackElo "2375"]
[PlyCount "86"]
[EventDate "2011.08.20"]
[EventType "swiss"]
[EventRounds "9"]
[EventCountry "CZE"]
[SourceTitle "CBM 144 Extra"]
[Source "ChessBase"]
[SourceDate "2011.10.28"]
[SourceVersion "1"]
[SourceVersionDate "2011.10.28"]
[SourceQuality "1"]

1. e4 c5 2. Nf3 g6 3. d4 cxd4 4. Nxd4 Bg7 5. Nc3 Nc6 6. Be3 d6 7. Bc4 Nf6 8. f3 Nd7 9. Bb3 Nb6 10. Nxc6 bxc6 11. Bd4 Bxd4 12. Qxd4 0-0 13. Qd2 a5 14. Na4 Nxa4 15. Bxa4 Qb6 16. Qc3 Ba6 17. Bb3 d5 18. exd5 cxd5 19. 0-0-0 e6 20. Qd4 Qc7 21. h4 Qa7 22. Qxa7 Rxa7 23. Rd4 Kg7 24. Kd2 Rb8 25. h5 g5 26. h6+ Kf6 27. c3 Bc4 28. Bxc4 dxc4 29. Kc1 Rab7 30. Rd2 Rb5 31. g3 Re5 32. Rhh2 Re1+ 33. Kc2 Rb5 34. Rd4 Rc5 35. Kd2 Rf1 36. Ke2 Rb1 37. Ke3 Kg6 38. f4 g4 39. Rd7 Kf6 40. Rb7 Rd5 41. Re2 Rf1 42. Rc7 Kg6 43. Rxc4 Rf3+ 0-1

[Event "Ricany op-A"]
[Site "Ricany"]
[Date "2011.08.21"]
[Round "3"]
[White "Eisner, Oldrich"]
[Black "Prochazka, Petr"]
[Result "0-1"]
[WhiteElo "1822"]
[BlackElo "2008"]
[PlyCount "68"]
[EventDate "2011.08.20"]
[EventType "swiss"]
[EventRounds "9"]
[EventCountry "CZE"]
[SourceTitle "CBM 144 Extra"]
[Source "ChessBase"]
[SourceDate "2011.10.28"]
[SourceVersion "1"]
[SourceVersionDate "2011.10.28"]
[SourceQuality "1"]

1. c4 e5 2. Nc3 Nf6 3. g3 d5 4. cxd5 Nxd5 5. Bg2 Nb6 6. Nf3 Nc6 7. 0-0 Be7 8. d3 0-0 9. a3 Be6 10. b4 f6 11. Bb2 a6 12. Na4 Nxa4 13. Qxa4 Qd7 14. Qc2 Bh3 15. Bxh3 Qxh3 16. d4 exd4 17. Nxd4 Nxd4 18. Bxd4 Bd6 19. e4 Qe6 20. f4 a5 21. Bc5 Rfe8 22. Rfe1 axb4 23. Bxb4 Bxb4 24. axb4 Rxa1 25. Rxa1 Qxe4 26. Qxe4 Rxe4 27. b5 Rc4 28. Rb1 b6 29. f5 Rc5 30. g4 h5 31. h3 hxg4 32. hxg4 Rc4 33. Kf2 Rxg4 34. Re1 Rf4+ 0-1

[Event "Ricany op-A"]
[Site "Ricany"]
[Date "2011.08.21"]
[Round "2"]
[White "Prochazka, Petr"]
[Black "Nigrin, Jiri"]
[Result "1/2-1/2"]
[WhiteElo "2008"]
[BlackElo "1700"]
[PlyCount "40"]
[EventDate "2011.08.20"]
[EventType "swiss"]
[EventRounds "9"]
[EventCountry "CZE"]
[SourceTitle "CBM 144 Extra"]
[Source "ChessBase"]
[SourceDate "2011.10.28"]
[SourceVersion "1"]
[SourceVersionDate "2011.10.28"]
[SourceQuality "1"]

1. e4 b6 2. d4 Bb7 3. Nc3 Nf6 4. Bd3 e6 5. Nf3 d6 6. 0-0 Be7 7. Qe2 Nbd7 8. Re1 0-0 9. e5 dxe5 10. dxe5 Nd5 11. Nxd5 Bxd5 12. c3 g6 13. Bh6 Re8 14. Rad1 c5 15. Bb5 Qc7 16. Rxd5 exd5 17. e6 Nf8 18. Bxf8 Rxf8 19. exf7+ Rxf7 20. Qe6 Qd6 1/2-1/2

[Event "Jirasek Memorial op 23rd"]
[Site "Rakovnik"]
[Date "2011.08.07"]
[Round "3"]
[White "Gaj, Milos"]
[Black "Prochazka, Petr"]
[Result "1/2-1/2"]
[WhiteElo "1973"]
[BlackElo "2008"]
[PlyCount "58"]
[EventDate "2011.08.06"]
[EventType "swiss"]
[EventRounds "9"]
[EventCountry "CZE"]
[SourceTitle "CBM 143 Extra"]
[Source "ChessBase"]
[SourceDate "2011.08.29"]
[SourceVersion "1"]
[SourceVersionDate "2011.08.29"]
[SourceQuality "1"]

1. d4 d5 2. Nf3 Nc6 3. c4 Bg4 4. cxd5 Bxf3 5. gxf3 Qxd5 6. e3 e5 7. Nc3 Bb4 8. Bd2 Bxc3 9. bxc3 Qd6 10. Qb3 Nge7 11. Bd3 0-0 12. h4 Kh8 13. 0-0-0 Rab8 14. Qc2 f5 15. Bc4 b5 16. Bb3 a5 17. Qd3 a4 18. Bc2 Qa3+ 19. Kb1 b4 20. cxb4 Qxd3 21. Bxd3 Nxb4 22. Bxb4 Rxb4+ 23. Kc2 exd4 24. Rb1 c5 25. a3 Rbb8 26. Rb5 Rxb5 27. Bxb5 dxe3 28. fxe3 Nd5 29. Re1 Nb6 1/2-1/2

[Event "Ricany op"]
[Site "Ricany"]
[Date "2010.08.25"]
[Round "6"]
[White "Mrna, Vladimir"]
[Black "Prochazka, Petr"]
[Result "1-0"]
[WhiteElo "2043"]
[BlackElo "1987"]
[PlyCount "51"]
[EventDate "2010.08.21"]
[EventType "swiss"]
[EventRounds "9"]
[EventCountry "CZE"]
[SourceTitle "EXT 2022"]
[Source "ChessBase"]
[SourceDate "2021.10.06"]
[SourceVersion "1"]
[SourceVersionDate "2021.10.06"]
[SourceQuality "1"]

1. Nf3 d5 2. c4 d4 3. b4 g6 4. e3 dxe3 5. fxe3 Bg7 6. d4 Nf6 7. Bd3 0-0 8. Nc3 Nc6 9. b5 Na5 10. Qc2 Be6 11. Ne2 c6 12. bxc6 Nxc6 13. Rb1 Na5 14. Nf4 Bd7 15. 0-0 b6 16. h3 Qc7 17. Bd2 Nb7 18. e4 Kh8 19. e5 Ng8 20. Nd5 Qc6 21. Be4 Qc8 22. Bb4 Be6 23. Nxe7 Nxe7 24. Bxe7 Re8 25. Bb4 Bxc4 26. Bxb7 1-0

[Event "Ricany op"]
[Site "Ricany"]
[Date "2010.08.22"]
[Round "2"]
[White "Postupa, Pavel1111"]
[Black "Prochazka, Petr"]
[Result "1/2-1/2"]
[WhiteElo "2149"]
[BlackElo "1987"]
[PlyCount "63"]
[EventDate "2010.08.21"]
[EventType "swiss"]
[EventRounds "9"]
[EventCountry "CZE"]
[SourceTitle "EXT 2022"]
[Source "ChessBase"]
[SourceDate "2021.10.06"]
[SourceVersion "1"]
[SourceVersionDate "2021.10.06"]
[SourceQuality "1"]

1. e4 d5 2. exd5 Nf6 3. c4 e6 4. Nf3 exd5 5. d4 Bb4+ 6. Nc3 0-0 7. Be2 Ne4 8. Qb3 Bxc3+ 9. bxc3 dxc4 10. Bxc4 Nd6 11. 0-0 Nxc4 12. Qxc4 Be6 13. Qd3 Qf6 14. c4 Bf5 15. Qb3 Nc6 16. Bb2 Na5 17. Qc3 b6 18. Ne5 Rfe8 19. f4 h5 20. Qf3 Bg4 21. Qf2 Nxc4 22. Nxc4 Re2 23. Qg3 b5 24. Rae1 bxc4 25. Rxe2 Bxe2 26. Re1 Bd3 27. Bc3 Rb8 28. Qe3 Rb1 29. Rxb1 Bxb1 30. d5 Qb6 31. Bd4 Qg6 32. a3 1/2-1/2

[Event "Tabor op"]
[Site "Tabor"]
[Date "2010.08.05"]
[Round "6"]
[White "Prochazka, Petr"]
[Black "Grill, Roman"]
[Result "1/2-1/2"]
[WhiteElo "1987"]
[BlackElo "2157"]
[PlyCount "39"]
[EventDate "2010.08.01"]
[EventType "swiss"]
[EventRounds "9"]
[EventCountry "CZE"]
[SourceTitle "EXT 2012"]
[Source "ChessBase"]
[SourceDate "2011.11.24"]
[SourceVersion "1"]
[SourceVersionDate "2011.11.24"]
[SourceQuality "1"]

1. e4 g6 2. d4 Bg7 3. Nc3 c6 4. Be3 d5 5. exd5 cxd5 6. Nf3 Nc6 7. h3 Nf6 8. Be2 0-0 9. Ne5 Be6 10. 0-0 Rc8 11. Qd2 Nxe5 12. dxe5 Ne4 13. Qd4 Nxc3 14. bxc3 Qc7 15. Qxa7 Bxe5 16. Rab1 Qxc3 17. Bd3 Bb8 18. Qd4 Qc7 19. f4 f6 20. Qb6 1/2-1/2

[Event "Tabor op"]
[Site "Tabor"]
[Date "2010.08.04"]
[Round "5"]
[White "Skalicky, Tomas"]
[Black "Prochazka, Petr"]
[Result "0-1"]
[WhiteElo "1809"]
[BlackElo "1987"]
[PlyCount "62"]
[EventDate "2010.08.01"]
[EventType "swiss"]
[EventRounds "9"]
[EventCountry "CZE"]
[SourceTitle "EXT 2012"]
[Source "ChessBase"]
[SourceDate "2011.11.24"]
[SourceVersion "1"]
[SourceVersionDate "2011.11.24"]
[SourceQuality "1"]

1. e4 d5 2. exd5 Nf6 3. d4 Bg4 4. Be2 Bxe2 5. Nxe2 Qxd5 6. 0-0 Nc6 7. c3 0-0-0 8. Qb3 e5 9. Be3 Ng4 10. c4 Qa5 11. d5 Ne7 12. Bd2 Qa6 13. Ng3 f5 14. f3 Nf6 15. Qc2 g6 16. b4 h5 17. a4 h4 18. Ne2 h3 19. b5 Qd6 20. g3 Qc5+ 21. Kh1 Nexd5 22. a5 Ne3 23. Bxe3 Qxe3 24. b6 a6 25. bxc7 Kxc7 26. Nec3 Qc5 27. Ra2 Kb8 28. Rb2 Qxc4 29. Re1 Bc5 30. Nd2 Qd3 31. Qb3 Rh7 0-1

[Event "Tabor op"]
[Site "Tabor"]
[Date "2010.08.02"]
[Round "3"]
[White "Schmidt, Karel"]
[Black "Prochazka, Petr"]
[Result "0-1"]
[WhiteElo "1784"]
[BlackElo "1987"]
[PlyCount "62"]
[EventDate "2010.08.01"]
[EventType "swiss"]
[EventRounds "9"]
[EventCountry "CZE"]
[SourceTitle "EXT 2012"]
[Source "ChessBase"]
[SourceDate "2011.11.24"]
[SourceVersion "1"]
[SourceVersionDate "2011.11.24"]
[SourceQuality "1"]

1. d4 d5 2. c4 Nc6 3. Nf3 Bg4 4. e3 e5 5. h3 Bxf3 6. gxf3 exd4 7. a3 dxe3 8. Bxe3 d4 9. Bf4 Bd6 10. Qe2+ Nge7 11. Bg5 0-0 12. Nd2 f6 13. Bh4 Qd7 14. 0-0-0 Nf5 15. Qe4 Rae8 16. Qg4 Ne5 17. Qh5 g6 18. Rg1 Kh8 19. Bxf6+ Rxf6 20. Qg5 Rff8 21. f4 Nc6 22. Bd3 Qe7 23. Ne4 Qxg5 24. fxg5 Bf4+ 25. Kc2 Ne5 26. Nf6 Nxd3 27. Nxe8 Nxf2 28. Rde1 Ne3+ 29. Rxe3 dxe3 30. Nf6 Nxh3 31. Rh1 Nxg5 0-1

[Event "Ricany op-A"]
[Site "Ricany"]
[Date "2008.08.24"]
[Round "3"]
[White "Prochazka, Petr"]
[Black "Hajek, J."]
[Result "1-0"]
[WhiteElo "1994"]
[BlackElo "1713"]
[PlyCount "57"]
[EventDate "2008.08.23"]
[EventType "swiss"]
[EventRounds "9"]
[EventCountry "CZE"]
[SourceTitle "CBM 126 Extra"]
[Source "ChessBase"]
[SourceDate "2008.11.05"]
[SourceVersion "1"]
[SourceVersionDate "2008.11.05"]
[SourceQuality "1"]

1. e4 g6 2. d4 Bg7 3. Nf3 d6 4. Bc4 Nf6 5. Nc3 0-0 6. Bb3 Bg4 7. h3 Bxf3 8. Qxf3 e5 9. dxe5 dxe5 10. Bg5 c6 11. Rd1 Nbd7 12. Rxd7 Qxd7 13. Bxf6 Bxf6 14. Qxf6 Rad8 15. 0-0 Qd6 16. Qg5 Qc7 17. h4 Kg7 18. Qe3 b6 19. f4 exf4 20. Rxf4 Qe5 21. Rf1 Rd7 22. Nd1 Qh5 23. Qf3 Qxh4 24. Nf2 h5 25. Qc3+ Kg8 26. Qxc6 Rd2 27. Qxg6+ Kh8 28. Qh6+ Kg8 29. Qxd2 1-0

[Event "Ricany op-A"]
[Site "Ricany"]
[Date "2007.08.30"]
[Round "7"]
[White "Prochazka, Petr"]
[Black "Misicko, Jan"]
[Result "1/2-1/2"]
[WhiteElo "1985"]
[BlackElo "2113"]
[PlyCount "43"]
[EventDate "2007.08.25"]
[EventType "swiss"]
[EventRounds "9"]
[EventCountry "CZE"]
[SourceTitle "EXT 2008"]
[Source "ChessBase"]
[SourceDate "2007.11.25"]
[SourceVersion "1"]
[SourceVersionDate "2007.11.25"]
[SourceQuality "1"]

1. e4 c5 2. Nf3 e6 3. d4 cxd4 4. Nxd4 Nf6 5. Nc3 d6 6. Be2 Nc6 7. Be3 Qc7 8. 0-0 Be7 9. Kh1 a6 10. f4 Nxd4 11. Bxd4 e5 12. Be3 Be6 13. f5 Bc4 14. Bg5 Rc8 15. Bxf6 Bxf6 16. Bxc4 Qxc4 17. Qxd6 Rd8 18. Qa3 Be7 19. Qa5 f6 20. Rfd1 0-0 21. Qa4 Qxa4 22. Nxa4 1/2-1/2